000
00297nam a22001337a 4500
008
170222b xxu||||| |||| 00| 0 eng d
020
_a
083851426
041
_a
eng
080
_2
9 ED
_a
617
100
_a
5
101
_a
SHK
245
_a
SURGICAL DIAGNOSIS TREATMENT
_c
WAY .L.W
942
_2
udc
_c
BK
999
_c
6119
_d
6119